000 00428nam a2200157Ia 4500
003 GCL
008 140319s9999 xx 000 0 eng d
040 _aGCL /
_cGCL
082 0 4 _a530.429
_bC L
100 1 _aCOLLYER, A.A.
245 1 0 _aLIQUID CRYSTAL POLYMERS FROM STRUCTURES TO APPLICATIONS /
_cCOLLYER, A.A.
260 _a[S.N] :
_bELWAFA LIBRARY
300 _a474 P
650 0 4 _aPOLYMER LIQUID CRYSTALS
942 _2ddc
_cBK
999 _c18252
_d18252